00964nam a2200241 a 450000100100000000500170001000800410002704000250006808200140009324501100010726000630021730000210028050000620030150000540036370000360041770000400045370000260049370000330051974000260055204900090057895201180058799900170070500002655520200930030302.0110323s1998 py r 000 0 spa d aDO-SdBNPbspacBNPHU axxxbT78701aTreinta y dos narradores del sur /cprólogo de Poli Délano ; antólogos, Horacio Salas ... [et al.]. aAsunción, (Paraguay) :bDon Bosco ;bGrupo Velox,c1998. a406 p. ;c20 cm. aIncluye datos del autor en la solapa de la contracubierta aNotas: "Noticia biobibliográfica" (p. 391-403).1 aDélano, Poli,epról.9446071 aRomano de Sant´Anna, Alfono9536571 aFogel, Gerardo9536581 aBenavides, Washington9536590 a32 narradores del sur aBNGR 001054708MOaGRbGRcCTd2011-03-23iLF1l0oxxx T787p26555-10r2020-06-25w2020-06-25y4ZPréstamo en sala c26047d26047